000 00329pab a2200145 454500
008 180718b2003 xxu||||| |||| 00| 0 eng d
100 _aChander Shekhar
245 _aReduction of NPAs-key to banking reforms
260 _c2003
300 _ap.11-16.
362 _aOct
650 _aBanks
773 _aYojana
909 _a58237
999 _c58237
_d58237